[Event "Arco Christmas op 7th"]
[Site "Arco"]
[Date "2016.12.27"]
[Round "3"]
[White "Comai, Samuele"]
[Black "Migliorini, Matteo"]
[Result "1/2-1/2"]
[WhiteElo "1790"]
[BlackElo "2138"]
[PlyCount "53"]
[EventDate "2016.12.26"]
[EventType "swiss"]
[EventRounds "7"]
[EventCountry "ITA"]
[SourceTitle "CBM 176 Extra"]
[Source "ChessBase"]
[SourceDate "2017.03.02"]
[SourceVersion "1"]
[SourceVersionDate "2017.03.02"]
[SourceQuality "1"]

1. d4 Nf6 2. c4 g6 3. Nc3 d5 4. Nf3 Bg7 5. cxd5 Nxd5 6. g3 Nc6 7. Bg2 Nb6 8. Bf4 0-0 9. 0-0 a6 10. Qc1 Nxd4 11. Nxd4 e5 12. Nc6 bxc6 13. Rd1 Qe7 14. Be3 Nc4 15. Bxc6 Nxe3 16. Qxe3 Rb8 17. Na4 Bb7 18. Rac1 Rfd8 19. Rxd8+ Qxd8 20. Qc5 e4 21. b3 Qd2 22. Qc2 e3 23. Bxb7 exf2+ 24. Kxf2 Bd4+ 25. Kg2 Qxc2 26. Rxc2 Rxb7 27. Rc6 1/2-1/2

[Event "Arco Christmas op 7th"]
[Site "Arco"]
[Date "2016.12.27"]
[Round "2"]
[White "Migliorini, Matteo"]
[Black "Proietti, Tosca"]
[Result "1-0"]
[WhiteElo "2138"]
[BlackElo "1843"]
[PlyCount "57"]
[EventDate "2016.12.26"]
[EventType "swiss"]
[EventRounds "7"]
[EventCountry "ITA"]
[SourceTitle "CBM 176 Extra"]
[Source "ChessBase"]
[SourceDate "2017.03.02"]
[SourceVersion "1"]
[SourceVersionDate "2017.03.02"]
[SourceQuality "1"]

1. e4 c5 2. d4 cxd4 3. c3 dxc3 4. Nxc3 d6 5. Nf3 Nc6 6. Bc4 e6 7. 0-0 Be7 8. Qe2 Nf6 9. Rd1 e5 10. Be3 0-0 11. Rac1 a6 12. a3 Bg4 13. h3 Bd7 14. b4 b5 15. Bb3 Rc8 16. g4 g6 17. Bh6 Re8 18. Qa2 Nd4 19. Bxf7+ Kh8 20. Nxd4 exd4 21. Rxd4 Qb6 22. Qd2 Red8 23. Be3 Qb7 24. Ba2 Rf8 25. Bh6 Rfd8 26. g5 Rxc3 27. Rxc3 Nxe4 28. Rxe4 Qxe4 29. Re3 1-0

[Event "Biella op-A 7th"]
[Site "Biella"]
[Date "2016.09.25"]
[Round "5.11"]
[White "Rossini, Fulvio"]
[Black "Migliorini, Matteo"]
[Result "1/2-1/2"]
[WhiteElo "1989"]
[BlackElo "2122"]
[PlyCount "42"]
[EventDate "2016.09.23"]
[EventType "swiss"]
[EventRounds "5"]
[EventCountry "ITA"]
[SourceTitle "EXT 2024"]
[Source "ChessBase"]
[SourceDate "2023.10.10"]
[SourceVersion "1"]
[SourceVersionDate "2023.10.10"]
[SourceQuality "1"]

1. e4 c5 2. Nc3 Nc6 3. g3 g6 4. Bg2 Bg7 5. d3 d6 6. Nf3 e6 7. 0-0 Nge7 8. Ne2 Qb6 9. c3 e5 10. Nd2 0-0 11. f4 c4+ 12. d4 exd4 13. cxd4 Nxd4 14. Kh1 Bg4 15. Nf3 Nxe2 16. Qxe2 c3 17. bxc3 Bxc3 18. Be3 Qa5 19. Rab1 Nc6 20. Rxb7 Bc8 21. Rb3 Bg7 1/2-1/2

[Event "Lignano Sabbiadoro op 2nd"]
[Site "Lignano Sabbiadoro"]
[Date "2016.08.07"]
[Round "9"]
[White "Horvath, Tamas"]
[Black "Migliorini, Matteo"]
[Result "1/2-1/2"]
[WhiteElo "2380"]
[BlackElo "2141"]
[PlyCount "42"]
[EventDate "2016.07.31"]
[EventType "swiss"]
[EventRounds "9"]
[EventCountry "ITA"]
[SourceTitle "CBM 173 Extra"]
[Source "ChessBase"]
[SourceDate "2016.08.29"]
[SourceVersion "1"]
[SourceVersionDate "2016.08.29"]
[SourceQuality "1"]

1. e4 c5 2. Nf3 d6 3. d4 cxd4 4. Nxd4 Nf6 5. f3 e5 6. Nb3 d5 7. Bg5 Be6 8. Bxf6 gxf6 9. exd5 Qxd5 10. Qxd5 Bxd5 11. Nc3 Be6 12. Nb5 Kd8 13. 0-0-0+ Kc8 14. Bd3 f5 15. Rhe1 Nc6 16. a3 a6 17. Nc3 Kc7 18. Bf1 Bh6+ 19. Kb1 Rad8 20. Rxd8 Rxd8 21. Rd1 Rxd1+ 1/2-1/2

[Event "Lignano Sabbiadoro op 2nd"]
[Site "Lignano Sabbiadoro"]
[Date "2016.08.06"]
[Round "8"]
[White "Migliorini, Matteo"]
[Black "Gromovs, Sergejs"]
[Result "1-0"]
[WhiteElo "2141"]
[BlackElo "2159"]
[PlyCount "71"]
[EventDate "2016.07.31"]
[EventType "swiss"]
[EventRounds "9"]
[EventCountry "ITA"]
[SourceTitle "CBM 173 Extra"]
[Source "ChessBase"]
[SourceDate "2016.08.29"]
[SourceVersion "1"]
[SourceVersionDate "2016.08.29"]
[SourceQuality "1"]

1. e4 c5 2. d4 cxd4 3. c3 dxc3 4. Nxc3 Nc6 5. Nf3 a6 6. Bc4 e6 7. 0-0 Nge7 8. Bg5 h6 9. Be3 b5 10. Bb3 Ng6 11. Nd5 Rb8 12. Rc1 Be7 13. Nxe7 Ngxe7 14. Bf4 Rb7 15. Bd6 0-0 16. Qd2 f6 17. Rc5 Qe8 18. Rfc1 Qf7 19. Nh4 Re8 20. f4 a5 21. a3 a4 22. Ba2 b4 23. Bc4 bxa3 24. bxa3 Rb6 25. Nf5 Nxf5 26. exf5 Na5 27. Rxa5 Bb7 28. Rc5 Kh8 29. Rc7 Qh5 30. Bc5 Rc6 31. Rxb7 Rxc5 32. Qxd7 Rg8 33. Qxe6 Rgc8 34. Qe7 Qg4 35. h3 Qg3 36. Rc3 1-0

[Event "Lignano Sabbiadoro op 2nd"]
[Site "Lignano Sabbiadoro"]
[Date "2016.08.05"]
[Round "7"]
[White "Migliorini, Matteo"]
[Black "Lodici, Lorenzo"]
[Result "1/2-1/2"]
[WhiteElo "2141"]
[BlackElo "2363"]
[PlyCount "82"]
[EventDate "2016.07.31"]
[EventType "swiss"]
[EventRounds "9"]
[EventCountry "ITA"]
[SourceTitle "CBM 173 Extra"]
[Source "ChessBase"]
[SourceDate "2016.08.29"]
[SourceVersion "1"]
[SourceVersionDate "2016.08.29"]
[SourceQuality "1"]

1. e4 c5 2. d4 cxd4 3. c3 dxc3 4. Nxc3 Nc6 5. Nf3 e6 6. Bc4 a6 7. 0-0 Nge7 8. Bg5 h6 9. Be3 Ng6 10. Bb3 Be7 11. Na4 b5 12. Bb6 bxa4 13. Bxd8 Bxd8 14. Bxa4 0-0 15. Rc1 a5 16. Re1 Bf6 17. b3 Nb4 18. a3 Na6 19. Nd4 Bb7 20. Rc2 Rfd8 21. Nf3 Be7 22. Qc1 Rac8 23. Re3 Rxc2 24. Qxc2 Bxa3 25. Rc3 d5 26. exd5 Nb4 27. Qb1 Nxd5 28. Rd3 Rc8 29. Rd1 Nc3 30. Qa1 Bb4 31. h3 Nf4 32. Kh2 Bxf3 33. gxf3 Nxd1 34. Qxd1 Rc5 35. Qd8+ Kh7 36. Be8 Rd5 37. Qc7 Bd6 38. Qxf7 Rd1 39. h4 Ng6+ 40. Kh3 Nf4+ 41. Kh2 Ng6+ 1/2-1/2

[Event "Arco Christmas op 6th"]
[Site "Arco"]
[Date "2015.12.30"]
[Round "7"]
[White "Migliorini, Matteo"]
[Black "Kollars, Dmitrij"]
[Result "0-1"]
[WhiteElo "2175"]
[BlackElo "2419"]
[PlyCount "82"]
[EventDate "2015.12.26"]
[EventType "swiss"]
[EventRounds "7"]
[EventCountry "ITA"]
[SourceTitle "CBM 170 Extra"]
[Source "ChessBase"]
[SourceDate "2016.02.25"]
[SourceVersion "1"]
[SourceVersionDate "2016.02.25"]
[SourceQuality "1"]

1. e4 e5 2. Nf3 Nc6 3. Bb5 a6 4. Ba4 Nf6 5. 0-0 Bc5 6. Bxc6 dxc6 7. Nxe5 Nxe4 8. Qe2 Qd5 9. Nd3 0-0 10. Nxc5 Nxc5 11. Nc3 Qf5 12. d3 b6 13. Re1 Ne6 14. Qe4 Qxe4 15. Rxe4 c5 16. Nd5 Bb7 17. Re5 Rfe8 18. Be3 Nd4 19. Bxd4 cxd4 20. Rae1 Rxe5 21. Rxe5 f6 22. Rf5 g6 23. Nxf6+ Kg7 24. Nh5+ gxh5 25. Rxh5 Rd8 26. Kf1 Rd5 27. Rxd5 Bxd5 28. a3 Kf6 29. c3 Ke5 30. f3 b5 31. Kf2 c5 32. g3 dxc3 33. bxc3 a5 34. Ke3 b4 35. d4+ cxd4+ 36. cxd4+ Kf5 37. axb4 axb4 38. Kd3 Kg5 39. h3 h5 40. Ke3 b3 41. Kd3 Bxf3 0-1